[Event "Warsaw AIG Life rapid 9th"]
[Site "Warsaw"]
[Date "2009.12.19"]
[Round "2"]
[White "Pokojska, Daria"]
[Black "Hracek, Zbynek"]
[Result "0-1"]
[WhiteElo "2145"]
[BlackElo "2624"]
[PlyCount "76"]
[EventDate "2009.12.19"]
[EventType "swiss (rapid)"]
[EventRounds "13"]
[EventCountry "POL"]
[SourceTitle "CBM 133 Extra"]
[Source "ChessBase"]
[SourceDate "2010.01.05"]
[SourceVersion "1"]
[SourceVersionDate "2010.01.05"]
[SourceQuality "1"]

1. c4 c5 2. Nc3 g6 3. g3 Bg7 4. Bg2 Nc6 5. d3 d6 6. e4 Nf6 7. Nge2 0-0 8. 0-0 Bg4 9. h3 Bxe2 10. Nxe2 Nd7 11. f4 a6 12. Rb1 b5 13. e5 Qc7 14. cxb5 axb5 15. d4 Rxa2 16. Nc3 Ra5 17. dxc5 dxc5 18. Nd5 Qc8 19. Bd2 Ra6 20. Rc1 Rd8 21. Qe2 e6 22. Nc3 Nd4 23. Qd1 c4 24. Be3 Nb3 25. Nxb5 Nxc1 26. Qxc1 Bf8 27. Na7 Qc7 28. Nb5 Qb8 29. Qxc4 Rc8 30. Qe2 Bc5 31. Bxc5 Rxc5 32. Nd6 Ra2 33. Nb7 Rc7 34. Qb5 Nc5 35. Nd6 Rxb2 36. Qa5 Nb3 37. Qa3 Rcc2 38. Be4 Qb6+ 0-1

[Event "POL-chT 2nd League"]
[Site "Miedzyzdroje"]
[Date "2009.09.15"]
[Round "4"]
[White "Garbowska, Hanna"]
[Black "Pokojska, Daria"]
[Result "0-1"]
[WhiteElo "2034"]
[BlackElo "2150"]
[PlyCount "59"]
[EventDate "2009.09.12"]
[EventType "team-swiss"]
[EventRounds "9"]
[EventCountry "POL"]
[SourceTitle "EXT 2019"]
[Source "ChessBase"]
[SourceDate "2018.10.10"]
[SourceVersion "1"]
[SourceVersionDate "2018.10.10"]
[SourceQuality "1"]
[WhiteTeam "Torun AZS UMK"]
[BlackTeam "Krakow TKKF Drogowiec"]
[WhiteTeamCountry "POL"]
[BlackTeamCountry "POL"]

1. e4 c5 2. Nf3 Nc6 3. d4 cxd4 4. Nxd4 e5 5. Nb5 d6 6. N1c3 a6 7. Na3 b5 8. Nd5 Nce7 9. c4 Nxd5 10. exd5 bxc4 11. Nxc4 Nf6 12. Be3 Rb8 13. Be2 Be7 14. a4 0-0 15. 0-0 Ne4 16. a5 Bg5 17. Bb6 Qe7 18. f3 Nf6 19. Bd3 Bb7 20. Be4 Nh5 21. b4 f5 22. Bc2 Nf6 23. Bxf5 Bxd5 24. Qd3 Bxc4 25. Qxc4+ d5 26. Qxa6 Qxb4 27. Rab1 Qd6 28. Rfd1 Nh5 29. Be4 Be3+ 30. Kh1 0-1

[Event "POL-chT 2nd League"]
[Site "Miedzyzdroje"]
[Date "2009.09.12"]
[Round "1"]
[White "Pokojska, Daria"]
[Black "Halamus, Agata"]
[Result "1/2-1/2"]
[WhiteElo "2150"]
[BlackElo "1965"]
[PlyCount "74"]
[EventDate "2009.09.12"]
[EventType "team-swiss"]
[EventRounds "9"]
[EventCountry "POL"]
[SourceTitle "EXT 2019"]
[Source "ChessBase"]
[SourceDate "2018.10.10"]
[SourceVersion "1"]
[SourceVersionDate "2018.10.10"]
[SourceQuality "1"]
[WhiteTeam "Krakow TKKF Drogowiec"]
[BlackTeam "Mikolow AKS"]
[WhiteTeamCountry "POL"]
[BlackTeamCountry "POL"]

1. c4 e5 2. Nc3 Nc6 3. g3 g6 4. Bg2 Bg7 5. d3 d6 6. e3 Be6 7. Nge2 Qd7 8. Nd5 Nd8 9. h3 c6 10. Ndc3 h6 11. b3 Ne7 12. d4 d5 13. cxd5 Nxd5 14. Nxd5 cxd5 15. Ba3 Nc6 16. dxe5 Bxe5 17. Rc1 a5 18. Bc5 Nb4 19. a3 Nc6 20. Nd4 Nxd4 21. exd4 Bc7 22. a4 Bd6 23. 0-0 0-0 24. Qd2 Kh7 25. Kh2 Rfb8 26. f4 b5 27. Bxd6 Qxd6 28. Rc5 bxa4 29. bxa4 Rb4 30. Ra1 Rab8 31. Rb5 R8xb5 32. axb5 a4 33. Qd1 Rxb5 34. Rxa4 Rb2 35. Qc1 Qb6 36. Qe3 Qd6 37. Ra8 Rb8 1/2-1/2

[Event "POL-chT 2nd League"]
[Site "Ustron"]
[Date "2008.09.14"]
[Round "8.54"]
[White "Pokojska, Daria"]
[Black "Krokay, Urszula"]
[Result "1/2-1/2"]
[WhiteElo "2150"]
[BlackElo "2018"]
[PlyCount "28"]
[EventDate "2008.09.06"]
[EventType "team-swiss"]
[EventRounds "9"]
[EventCountry "POL"]
[SourceTitle "EXT 2015"]
[Source "ChessBase"]
[SourceDate "2014.11.20"]
[SourceVersion "1"]
[SourceVersionDate "2014.11.20"]
[SourceQuality "1"]
[WhiteTeam "Krakow TKKF Drogowiec"]
[BlackTeam "Zielonka Zieloni OKiS"]
[WhiteTeamCountry "POL"]
[BlackTeamCountry "POL"]

1. c4 e5 2. Nc3 Nf6 3. e3 d5 4. d4 exd4 5. Qxd4 Nc6 6. Qd1 Bf5 7. Nf3 Bb4 8. cxd5 Nxd5 9. Bd2 Nxc3 10. bxc3 Ba5 11. Bb5 Bd3 12. Bxd3 Qxd3 13. Qe2 0-0-0 14. Qxd3 Rxd3 1/2-1/2

[Event "POL-chT 2nd League"]
[Site "Ustron"]
[Date "2008.09.07"]
[Round "2.18"]
[White "Maka, Magdalena"]
[Black "Pokojska, Daria"]
[Result "0-1"]
[WhiteElo "2056"]
[BlackElo "2150"]
[PlyCount "58"]
[EventDate "2008.09.06"]
[EventType "team-swiss"]
[EventRounds "9"]
[EventCountry "POL"]
[SourceTitle "EXT 2015"]
[Source "ChessBase"]
[SourceDate "2014.11.20"]
[SourceVersion "1"]
[SourceVersionDate "2014.11.20"]
[SourceQuality "1"]
[WhiteTeam "Deblin Czarni"]
[BlackTeam "Krakow TKKF Drogowiec"]
[WhiteTeamCountry "POL"]
[BlackTeamCountry "POL"]

1. e4 c5 2. Nc3 Nc6 3. d3 e6 4. g3 g6 5. Bg2 Bg7 6. Be3 d6 7. Qd2 Rb8 8. f4 Nge7 9. Nf3 Nd4 10. 0-0 0-0 11. Rae1 b5 12. e5 Nef5 13. Bf2 Bb7 14. Nxd4 cxd4 15. Nd1 Bxg2 16. Kxg2 dxe5 17. fxe5 Qd5+ 18. Kg1 Bxe5 19. c3 Bg7 20. g4 Ne7 21. cxd4 Bxd4 22. Nc3 Bxf2+ 23. Qxf2 Qxd3 24. Qxa7 Nc6 25. Qc7 Rbc8 26. Qb7 Na5 27. Qxb5 Rxc3 28. Qxa5 Qd4+ 29. Kh1 Rc2 0-1

[Event "POL-chT 2nd League"]
[Site "Lublin"]
[Date "2006.09.05"]
[Round "4.18"]
[White "Pokojska, Daria"]
[Black "Socha, Anna"]
[Result "1-0"]
[WhiteElo "2132"]
[BlackElo "2102"]
[PlyCount "59"]
[EventDate "2006.09.02"]
[EventType "team-swiss"]
[EventRounds "9"]
[EventCountry "POL"]
[SourceTitle "EXT 2019"]
[Source "ChessBase"]
[SourceDate "2018.10.10"]
[SourceVersion "1"]
[SourceVersionDate "2018.10.10"]
[SourceQuality "1"]
[WhiteTeam "Krakow TKKF Drogowiec"]
[BlackTeam "Legnica Miedz"]
[WhiteTeamCountry "POL"]
[BlackTeamCountry "POL"]

1. e4 e5 2. Nc3 Nc6 3. g3 Nf6 4. Bg2 Bc5 5. Na4 Be7 6. Ne2 d6 7. d4 Bg4 8. f3 Bd7 9. Nac3 Qc8 10. Be3 Bh3 11. Bxh3 Qxh3 12. d5 Nb8 13. Qd3 Qc8 14. g4 Nfd7 15. h4 Na6 16. Ng3 g6 17. 0-0-0 Qd8 18. g5 c5 19. dxc6 bxc6 20. Qxa6 Nb6 21. a4 Qc7 22. h5 0-0 23. Qe2 Rab8 24. Qh2 Bd8 25. hxg6 fxg6 26. Rxd6 Nc4 27. Rxc6 Qb7 28. Rxc4 Qxb2+ 29. Kd2 h5 30. Rb1 1-0

[Event "POL-chT 2nd League"]
[Site "Wysowa"]
[Date "2005.09.04"]
[Round "9.24"]
[White "Jalowiec, Halina"]
[Black "Pokojska, Daria"]
[Result "0-1"]
[WhiteElo "2097"]
[BlackElo "2113"]
[PlyCount "94"]
[EventDate "2005.08.27"]
[EventType "team-swiss"]
[EventRounds "9"]
[EventCountry "POL"]
[SourceTitle "EXT 2019"]
[Source "ChessBase"]
[SourceDate "2018.10.10"]
[SourceVersion "1"]
[SourceVersionDate "2018.10.10"]
[SourceQuality "1"]
[WhiteTeam "Rolnik Roza"]
[BlackTeam "Krakow TKKF Drogowiec"]
[WhiteTeamCountry "POL"]
[BlackTeamCountry "POL"]

1. e4 c5 2. Nf3 Nc6 3. Bb5 Nd4 4. Nxd4 cxd4 5. 0-0 g6 6. d3 Bg7 7. c3 Qa5 8. Qa4 Qxa4 9. Bxa4 e6 10. cxd4 Bxd4 11. Nc3 a6 12. Be3 Bg7 13. d4 Ne7 14. Rac1 0-0 15. f4 b5 16. Bb3 d5 17. f5 gxf5 18. exd5 b4 19. Na4 exd5 20. Nb6 Rb8 21. Nxd5 Nxd5 22. Bxd5 Rd8 23. Rc5 Rb5 24. Rfc1 f4 25. Bf2 Rxc5 26. Rxc5 Be6 27. Bxe6 fxe6 28. Rc4 e5 29. Kf1 exd4 30. Rxb4 d3 31. Ke1 Re8+ 32. Kd1 Re2 33. Be1 Rxg2 34. Rb3 f3 35. Rxd3 f2 36. Bxf2 Rxf2 37. Ra3 Rxb2 38. h3 Rb6 39. Kc2 Kf7 40. Kd3 Ke6 41. Kc4 Rc6+ 42. Kd3 Kf5 43. Ke2 Kf4 44. Rf3+ Ke4 45. Re3+ Kf4 46. Rf3+ Ke5 47. Ra3 h5 0-1

[Event "POL-chT 2nd League"]
[Site "Wysowa"]
[Date "2005.09.01"]
[Round "6.24"]
[White "Pokojska, Daria"]
[Black "Kulon, Klaudia"]
[Result "1/2-1/2"]
[WhiteElo "2113"]
[BlackElo "2069"]
[PlyCount "42"]
[EventDate "2005.08.27"]
[EventType "team-swiss"]
[EventRounds "9"]
[EventCountry "POL"]
[SourceTitle "EXT 2019"]
[Source "ChessBase"]
[SourceDate "2018.10.10"]
[SourceVersion "1"]
[SourceVersionDate "2018.10.10"]
[SourceQuality "1"]
[WhiteTeam "Krakow TKKF Drogowiec"]
[BlackTeam "Koszalin Hetman Politechnika"]
[WhiteTeamCountry "POL"]
[BlackTeamCountry "POL"]

1. c4 e5 2. g3 Nf6 3. Bg2 d5 4. cxd5 Nxd5 5. Nf3 Nc6 6. d3 Be7 7. 0-0 0-0 8. Nc3 Nb6 9. Be3 Be6 10. d4 exd4 11. Nxd4 Nxd4 12. Bxd4 c6 13. e4 Qc7 14. Qc2 Rad8 15. Rad1 f6 16. Rfe1 Rd7 17. Nd5 Bxd5 18. exd5 c5 19. Bc3 Bd6 20. Bh3 Re7 21. Be6+ Kh8 1/2-1/2

[Event "POL-chT 2nd League"]
[Site "Polanica Zdroj"]
[Date "2004.09.10"]
[Round "8"]
[White "Pokojska, Daria"]
[Black "Kaluzna, Kamila"]
[Result "1-0"]
[WhiteElo "2129"]
[BlackElo "1600"]
[PlyCount "51"]
[EventDate "2004.09.04"]
[EventType "team-swiss"]
[EventRounds "11"]
[EventCountry "POL"]
[SourceTitle "CBM 102 Extra"]
[Source "ChessBase"]
[SourceDate "2004.11.03"]
[SourceVersion "1"]
[SourceVersionDate "2004.11.03"]
[SourceQuality "1"]
[WhiteTeam "Krakow TKKF Drogowiec"]
[BlackTeam "Konin Hetman"]
[WhiteTeamCountry "POL"]
[BlackTeamCountry "POL"]

1. c4 c6 2. b3 d5 3. Bb2 Nf6 4. Nf3 Bf5 5. g3 e6 6. Bg2 Bc5 7. 0-0 0-0 8. d3 Nbd7 9. Nc3 Re8 10. Qc2 a6 11. Nh4 Bg6 12. Nxg6 fxg6 13. e3 Qe7 14. d4 Ba7 15. Rad1 Rf8 16. h3 Rf7 17. e4 dxe4 18. Nxe4 Raf8 19. Ng5 Nh5 20. Nxf7 Qxf7 21. Rde1 e5 22. c5 exd4 23. Bxd4 Bb8 24. Qe2 Nf4 25. Qe7 Qf5 26. Qxg7# 1-0

[Event "POL-chT 2nd League"]
[Site "Polanica Zdroj"]
[Date "2004.09.06"]
[Round "3"]
[White "Pokojska, Daria"]
[Black "Wesolowska, Hanna"]
[Result "1/2-1/2"]
[WhiteElo "2129"]
[BlackElo "2079"]
[PlyCount "20"]
[EventDate "2004.09.04"]
[EventType "team-swiss"]
[EventRounds "11"]
[EventCountry "POL"]
[SourceTitle "CBM 102 Extra"]
[Source "ChessBase"]
[SourceDate "2004.11.03"]
[SourceVersion "1"]
[SourceVersionDate "2004.11.03"]
[SourceQuality "1"]
[WhiteTeam "Krakow TKKF Drogowiec"]
[BlackTeam "Pawlowice GKS Pniowek 74"]
[WhiteTeamCountry "POL"]
[BlackTeamCountry "POL"]

1. c4 e5 2. g3 Nf6 3. Bg2 d5 4. cxd5 Nxd5 5. Nc3 Nb6 6. Nf3 Nc6 7. d3 Be7 8. a3 0-0 9. 0-0 Be6 10. Be3 Nd5 1/2-1/2

[Event "POL-chT 2nd League"]
[Site "Polanica Zdroj"]
[Date "2004.09.04"]
[Round "1"]
[White "Pokojska, Daria"]
[Black "Dziopa, Malgorzata"]
[Result "1-0"]
[WhiteElo "2129"]
[BlackElo "1900"]
[PlyCount "60"]
[EventDate "2004.09.04"]
[EventType "team-swiss"]
[EventRounds "11"]
[EventCountry "POL"]
[SourceTitle "CBM 102 Extra"]
[Source "ChessBase"]
[SourceDate "2004.11.03"]
[SourceVersion "1"]
[SourceVersionDate "2004.11.03"]
[SourceQuality "1"]
[WhiteTeam "Krakow TKKF Drogowiec"]
[BlackTeam "Lubsko Caissa"]
[WhiteTeamCountry "POL"]
[BlackTeamCountry "POL"]

1. c4 Nf6 2. g3 e6 3. Bg2 d5 4. Nf3 Be7 5. 0-0 0-0 6. Qc2 c5 7. cxd5 Nxd5 8. a3 Nc6 9. Nc3 Nxc3 10. dxc3 Bf6 11. Be3 Qe7 12. Rad1 b6 13. Bf4 Rd8 14. Rxd8+ Qxd8 15. Ne5 Bxe5 16. Bxc6 Bxf4 17. Bxa8 Bc7 18. Rd1 Qe8 19. Qe4 g6 20. Bc6 Qe7 21. b4 Kg7 22. a4 cxb4 23. cxb4 a5 24. bxa5 e5 25. Qc4 Bd6 26. Kg2 Bc5 27. Qd5 Qf6 28. e3 Be6 29. Qd3 Bf5 30. Be4 Be6 1-0

[Event "POL-chT U19 35th"]
[Site "Koszalin"]
[Date "2003.07.12"]
[Round "10.23"]
[White "Pokojska, Daria"]
[Black "Cyfka, Karina"]
[Result "0-1"]
[WhiteElo "2168"]
[BlackElo "2146"]
[PlyCount "106"]
[EventDate "2003.07.04"]
[EventType "team-tourn"]
[EventRounds "11"]
[EventCountry "POL"]
[SourceTitle "EXT 2019"]
[Source "ChessBase"]
[SourceDate "2018.10.10"]
[SourceVersion "1"]
[SourceVersionDate "2018.10.10"]
[SourceQuality "1"]
[WhiteTeam "Czarna Czarnovia U19"]
[BlackTeam "Rybnik MKSz U19"]
[WhiteTeamCountry "POL"]
[BlackTeamCountry "POL"]

1. c4 b6 2. Nf3 Bb7 3. e3 e6 4. g3 f5 5. Bg2 Nf6 6. 0-0 Be7 7. d3 0-0 8. Nc3 a5 9. a3 Na6 10. Qc2 Nc5 11. b3 Qe8 12. Ne2 d6 13. Bb2 e5 14. Ne1 Bxg2 15. Nxg2 Qh5 16. f3 Ne6 17. d4 Nd7 18. dxe5 dxe5 19. Bc3 Ng5 20. Ne1 Rf6 21. Kh1 Bc5 22. Ng1 Rh6 23. Ra2 Rf8 24. Qe2 Nf7 25. b4 axb4 26. axb4 Bd6 27. f4 Qg6 28. Kg2 Nf6 29. fxe5 Ne4 30. Bd4 Bxe5 31. Bxe5 Nxe5 32. Ngf3 Ng4 33. Rc2 Nxh2 34. Nxh2 Nxg3 35. Qf3 Nxf1+ 36. Kxf1 Qd6 37. Qd5+ Qxd5 38. cxd5 Rd8 39. Nhf3 Rxd5 40. Rxc7 Rhd6 41. Ke2 h6 42. Nc2 g5 43. Na3 g4 44. Nd4 f4 45. Nc4 Rf6 46. Nc6 f3+ 47. Kf2 Rg5 48. Kg3 f2 49. Rc8+ Kh7 50. Rc7+ Rg7 51. Rxg7+ Kxg7 52. Nd2 Rxc6 53. Kxf2 Rc2 0-1

[Event "POL-chT U19 35th"]
[Site "Koszalin"]
[Date "2003.07.10"]
[Round "7.11"]
[White "Krokay, Urszula"]
[Black "Pokojska, Daria"]
[Result "1/2-1/2"]
[WhiteElo "1953"]
[BlackElo "2168"]
[PlyCount "91"]
[EventDate "2003.07.04"]
[EventType "team-tourn"]
[EventRounds "11"]
[EventCountry "POL"]
[SourceTitle "EXT 2019"]
[Source "ChessBase"]
[SourceDate "2018.10.10"]
[SourceVersion "1"]
[SourceVersionDate "2018.10.10"]
[SourceQuality "1"]
[WhiteTeam "Wroclaw Srodmiescie U19"]
[BlackTeam "Czarna Czarnovia U19"]
[WhiteTeamCountry "POL"]
[BlackTeamCountry "POL"]

1. d4 f5 2. e4 fxe4 3. Nc3 Nf6 4. Bg5 d6 5. f3 e3 6. Bd3 Nc6 7. Bxe3 e5 8. Qe2 exd4 9. Bxd4+ Qe7 10. Bxf6 gxf6 11. Nd5 Qxe2+ 12. Nxe2 Kd8 13. Nxf6 Bg7 14. Nxh7 Ne5 15. Ng5 Bf6 16. f4 Nxd3+ 17. cxd3 Re8 18. Kd2 Bxb2 19. Rab1 Bg7 20. h3 a5 21. g4 Bd7 22. f5 Bh6 23. h4 Bc6 24. Rhg1 Rg8 25. Nf4 Kd7 26. d4 Bxg5 27. hxg5 Be4 28. Rbe1 d5 29. Nh5 Rxg5 30. Nf6+ Kd6 31. Nxe4+ dxe4 32. Rxe4 Rf8 33. Re5 Rfg8 34. Re4 Rxf5 35. Ke3 Rb5 36. Rg2 Rb1 37. Rf4 Re8+ 38. Kd3 b5 39. g5 Rd1+ 40. Kc2 Ra1 41. Kd3 Rd1+ 42. Kc2 Ra1 43. Kd3 Rd1+ 44. Kc2 Ra1 45. Kd3 Rd1+ 46. Kc2 1/2-1/2

[Event "POL-chT U19 35th"]
[Site "Koszalin"]
[Date "2003.07.09"]
[Round "6.35"]
[White "Pokojska, Daria"]
[Black "Maszota, Natalia"]
[Result "1/2-1/2"]
[WhiteElo "2168"]
[BlackElo "2063"]
[PlyCount "74"]
[EventDate "2003.07.04"]
[EventType "team-tourn"]
[EventRounds "11"]
[EventCountry "POL"]
[SourceTitle "EXT 2019"]
[Source "ChessBase"]
[SourceDate "2018.10.10"]
[SourceVersion "1"]
[SourceVersionDate "2018.10.10"]
[SourceQuality "1"]
[WhiteTeam "Czarna Czarnovia U19"]
[BlackTeam "Gorzow Wielkopolski Stilon U19"]
[WhiteTeamCountry "POL"]
[BlackTeamCountry "POL"]

1. c4 b6 2. Nc3 Bb7 3. e4 e6 4. Nf3 Bb4 5. d3 Bxc3+ 6. bxc3 d6 7. g3 Nd7 8. Bg2 e5 9. 0-0 Ngf6 10. Nh4 Nc5 11. Nf5 Ne6 12. f4 Nd7 13. d4 g6 14. Nh6 Rf8 15. fxe5 dxe5 16. Ba3 c5 17. d5 Ng7 18. Bh3 Qe7 19. Qa4 f6 20. Rxf6 0-0-0 21. Rxf8 Rxf8 22. Qxa7 Kc7 23. Bxd7 Ra8 24. Qxa8 Bxa8 25. Rf1 Bb7 26. Bb5 Qg5 27. Bc1 Qh5 28. g4 Qh3 29. Rf7+ Kb8 30. Rxg7 Qxc3 31. Bg5 Qe1+ 32. Kg2 Qe2+ 33. Kg3 Qe1+ 34. Kg2 Qe2+ 35. Kg3 Qe1+ 36. Kf3 Qf1+ 37. Kg3 Qg1+ 1/2-1/2

[Event "POL-chT U19 35th"]
[Site "Koszalin"]
[Date "2003.07.08"]
[Round "5.5"]
[White "Pokojska, Daria"]
[Black "Zawadzka, Beata"]
[Result "1/2-1/2"]
[WhiteElo "2168"]
[BlackElo "2255"]
[PlyCount "64"]
[EventDate "2003.07.04"]
[EventType "team-tourn"]
[EventRounds "11"]
[EventCountry "POL"]
[SourceTitle "EXT 2019"]
[Source "ChessBase"]
[SourceDate "2018.10.10"]
[SourceVersion "1"]
[SourceVersionDate "2018.10.10"]
[SourceQuality "1"]
[WhiteTeam "Czarna Czarnovia U19"]
[BlackTeam "Warszawa Damis U19"]
[WhiteTeamCountry "POL"]
[BlackTeamCountry "POL"]

1. c4 g6 2. Nc3 Bg7 3. g3 f5 4. Bg2 Nf6 5. e3 0-0 6. Nge2 e5 7. 0-0 c6 8. d4 d6 9. Rb1 Be6 10. b3 Na6 11. Ba3 Re8 12. d5 cxd5 13. Nxd5 Nc5 14. Bxc5 dxc5 15. Nxf6+ Qxf6 16. Bxb7 Rad8 17. Qc2 g5 18. e4 f4 19. f3 Bh3 20. Rf2 Rf8 21. Bd5+ Kh8 22. Kh1 h5 23. Ng1 Bc8 24. a3 g4 25. Rbf1 Bh6 26. fxg4 Bxg4 27. h3 Bc8 28. Qe2 Qg6 29. gxf4 Bxf4 30. Rg2 Qh6 31. b4 cxb4 32. axb4 h4 1/2-1/2

[Event "POL-chT U19 35th"]
[Site "Koszalin"]
[Date "2003.07.07"]
[Round "4.35"]
[White "Niespielak, Kamila"]
[Black "Pokojska, Daria"]
[Result "0-1"]
[WhiteElo "1854"]
[BlackElo "2168"]
[PlyCount "60"]
[EventDate "2003.07.04"]
[EventType "team-tourn"]
[EventRounds "11"]
[EventCountry "POL"]
[SourceTitle "EXT 2019"]
[Source "ChessBase"]
[SourceDate "2018.10.10"]
[SourceVersion "1"]
[SourceVersionDate "2018.10.10"]
[SourceQuality "1"]
[WhiteTeam "Jaworzno JKSz MCKiS U19"]
[BlackTeam "Czarna Czarnovia U19"]
[WhiteTeamCountry "POL"]
[BlackTeamCountry "POL"]

1. e4 c5 2. Nf3 Nc6 3. d4 cxd4 4. Nxd4 e5 5. Nb5 d6 6. N1c3 a6 7. Na3 b5 8. Nd5 Nce7 9. c4 Nxd5 10. Qxd5 Be6 11. Qd1 bxc4 12. Bxc4 Nf6 13. f3 Be7 14. Qe2 0-0 15. 0-0 Nh5 16. Rd1 Qc7 17. Be3 Nf4 18. Qf1 Bg5 19. Bxe6 fxe6 20. Bxf4 Bxf4 21. Nc4 d5 22. exd5 Qc5+ 23. Kh1 exd5 24. Nd2 Rab8 25. Nb3 Qd6 26. Qd3 d4 27. Rab1 Kh8 28. Nd2 Bxh2 29. Ne4 Qh6 30. b4 Bg3+ 0-1

[Event "Golden Rook op (Women)"]
[Site "Chotowa"]
[Date "2003.05.13"]
[Round "8"]
[White "Smolak, Ewa"]
[Black "Pokojska, Daria"]
[Result "0-1"]
[WhiteElo "1968"]
[BlackElo "2127"]
[PlyCount "101"]
[EventDate "2003.05.??"]
[EventType "swiss"]
[EventRounds "9"]
[EventCountry "POL"]
[SourceTitle "EXT 2005"]
[Source "ChessBase"]
[SourceDate "2004.11.15"]
[SourceVersion "1"]
[SourceVersionDate "2004.11.15"]
[SourceQuality "1"]

1. e4 c5 2. Nc3 Nc6 3. f4 g6 4. g3 Bg7 5. Bg2 e6 6. d3 Nge7 7. Nf3 0-0 8. 0-0 d6 9. Be3 Nd4 10. e5 Nef5 11. Bf2 Nxf3+ 12. Qxf3 Nd4 13. Qd1 dxe5 14. fxe5 Bxe5 15. Ne4 f5 16. Nxc5 Qc7 17. b4 Nc6 18. Rb1 Rb8 19. d4 Rd8 20. c3 b6 21. Qf3 bxc5 22. Qxc6 Qxc6 23. Bxc6 cxd4 24. Rfd1 Bb7 25. Bxb7 Rxb7 26. Bxd4 Rbd7 27. Re1 Bxd4+ 28. cxd4 Kf7 29. Rbc1 Rxd4 30. Rc7+ R8d7 31. Rxd7+ Rxd7 32. Rc1 Kf6 33. Rc2 g5 34. b5 h5 35. Rb2 Rd4 36. a3 h4 37. gxh4 Rxh4 38. Rc2 Ra4 39. Rc3 f4 40. Kf2 Kf5 41. h3 e5 42. Kf3 Rd4 43. Ke2 g4 44. hxg4+ Kxg4 45. Rc7 Ra4 46. Rc3 e4 47. Kf2 Rd4 48. Rc7 e3+ 49. Ke1 Kf3 50. Rc3 Kg2 51. Rc7 0-1

[Event "Golden Rook op (Women)"]
[Site "Chotowa"]
[Date "2003.05.09"]
[Round "4"]
[White "Rogala, Lucyna"]
[Black "Pokojska, Daria"]
[Result "0-1"]
[WhiteElo "1600"]
[BlackElo "2127"]
[PlyCount "54"]
[EventDate "2003.05.??"]
[EventType "swiss"]
[EventRounds "9"]
[EventCountry "POL"]
[SourceTitle "EXT 2005"]
[Source "ChessBase"]
[SourceDate "2004.11.15"]
[SourceVersion "1"]
[SourceVersionDate "2004.11.15"]
[SourceQuality "1"]

1. e4 c5 2. Nf3 Nc6 3. d4 cxd4 4. Nxd4 e5 5. Nb3 Nf6 6. Bg5 Bb4+ 7. c3 Be7 8. Bc4 0-0 9. N1d2 d6 10. Bxf6 Bxf6 11. 0-0 Ne7 12. Qe2 Ng6 13. Rad1 Nf4 14. Qf3 Bd7 15. Rfe1 Qc8 16. h3 Be7 17. Kh2 Kh8 18. g4 b5 19. Bd3 h5 20. gxh5 Nxh3 21. Be2 Bh4 22. Rf1 Nf4 23. Rg1 f5 24. Rg6 Be8 25. Rxd6 Bxh5 26. Qe3 Bxe2 27. Rg1 Qe8 0-1

[Event "POL-ch U20 Girls"]
[Site "Jarnoltowek"]
[Date "2003.04.15"]
[Round "11"]
[White "Pokojska, Daria"]
[Black "Kupczyk, Edyta"]
[Result "1/2-1/2"]
[WhiteElo "2127"]
[BlackElo "2129"]
[PlyCount "26"]
[EventDate "2003.04.07"]
[EventType "tourn"]
[EventRounds "11"]
[EventCountry "POL"]
[SourceTitle "CBM 093 Extra"]
[Source "ChessBase"]
[SourceDate "2003.05.09"]
[SourceVersion "1"]
[SourceVersionDate "2003.05.09"]
[SourceQuality "1"]

1. c4 g6 2. g3 Bg7 3. Bg2 e5 4. Nc3 Nc6 5. d3 d6 6. e3 f5 7. Nge2 Nf6 8. 0-0 0-0 9. f4 Be6 10. Rb1 a5 11. a3 e4 12. dxe4 Bxc4 13. b3 Bf7 1/2-1/2

[Event "POL-ch U20 Girls"]
[Site "Jarnoltowek"]
[Date "2003.04.14"]
[Round "10"]
[White "Nowak, Dominika"]
[Black "Pokojska, Daria"]
[Result "1-0"]
[WhiteElo "2098"]
[BlackElo "2127"]
[PlyCount "79"]
[EventDate "2003.04.07"]
[EventType "tourn"]
[EventRounds "11"]
[EventCountry "POL"]
[SourceTitle "CBM 093 Extra"]
[Source "ChessBase"]
[SourceDate "2003.05.09"]
[SourceVersion "1"]
[SourceVersionDate "2003.05.09"]
[SourceQuality "1"]

1. e4 c5 2. Nf3 Nc6 3. d4 cxd4 4. Nxd4 e5 5. Nb5 d6 6. N1c3 a6 7. Na3 b5 8. Nd5 Nce7 9. c4 Nxd5 10. exd5 bxc4 11. Nxc4 Nf6 12. Be3 Rb8 13. a4 Be7 14. Be2 0-0 15. 0-0 a5 16. Bd2 Ra8 17. Qe1 Bb7 18. Bxa5 Qb8 19. Bb4 Nxd5 20. Bd2 Nf6 21. b4 d5 22. Nb6 Ra7 23. a5 Bd8 24. Na4 Bc6 25. b5 Bd7 26. b6 Ra8 27. Nc5 Bc6 28. Rb1 Be7 29. Na6 Qc8 30. Nc7 Rb8 31. a6 Rxb6 32. Rxb6 Qxc7 33. Ba5 Qd7 34. Qc3 Ba8 35. Qxe5 Bd8 36. Rd6 Qe7 37. Qxe7 Bxe7 38. Rb6 Ne4 39. Bb4 Bd8 40. Rb8 1-0

[Event "POL-ch U20 Girls"]
[Site "Jarnoltowek"]
[Date "2003.04.13"]
[Round "9"]
[White "Pokojska, Daria"]
[Black "Czarnota, Dorota"]
[Result "0-1"]
[WhiteElo "2127"]
[BlackElo "2191"]
[PlyCount "86"]
[EventDate "2003.04.07"]
[EventType "tourn"]
[EventRounds "11"]
[EventCountry "POL"]
[SourceTitle "CBM 093 Extra"]
[Source "ChessBase"]
[SourceDate "2003.05.09"]
[SourceVersion "1"]
[SourceVersionDate "2003.05.09"]
[SourceQuality "1"]

1. d4 d5 2. c4 c6 3. cxd5 cxd5 4. Nc3 Nf6 5. Nf3 Nc6 6. Bf4 Bf5 7. e3 e6 8. Bd3 Bxd3 9. Qxd3 a6 10. 0-0 Be7 11. h3 0-0 12. Rac1 Rc8 13. Nd2 Kh8 14. Nb3 Rg8 15. Bh2 g5 16. f3 h5 17. g4 Qf8 18. Na4 Qh6 19. Kg2 Rg7 20. Rh1 Rh7 21. Bg3 Rf8 22. Nbc5 Nd8 23. Qb3 Ne8 24. Nd7 Rg8 25. Nac5 Bd6 26. Nxb7 Nxb7 27. Qxb7 Bxg3 28. Kxg3 f5 29. Qc6 a5 30. gxf5 Ng7 31. e4 dxe4 32. fxe4 g4 33. Qc3 exf5 34. hxg4 h4+ 35. Kg2 Qg5 36. Ne5 Ne6 37. exf5 Qxf5 38. Rcf1 Qe4+ 39. Kh2 h3 40. Nf7+ Rxf7 41. d5+ Nd4 42. Qxd4+ Qxd4 43. Rxf7 Qxg4 0-1